LEADER 01032nam0 22002771i 450 001 UON00195110 005 20231205103230.928 010 $a88-15-03884-1 100 $a20030730d1993 |0itac50 ba 101 $aita 102 $aIT 105 $a|||| ||||| 200 1 $aˆI ‰ labirinti della memoria$fSergio Roncato$gGesualdo Zucco 210 $aBologna$cIl Mulino$d1993. 406 p. ; 24 cm. 410 1$1001UON00067202$12001 $aStrumenti. Psicologia 606 $aMEMORIA ATROPOLOGIA$3UONC036330$2FI 620 $aIT$dBologna$3UONL000085 700 1$aRoncato$bSergio$3UONV115762$0143058 701 1$aZUCCO$bGesualdo$3UONV115763$0551737 712 $aIl Mulino$3UONV245824$4650 801 $aIT$bSOL$c20250606$gRICA 899 $aSIBA - SISTEMA BIBLIOTECARIO DI ATENEO$2UONSI 912 $aUON00195110 950 $aSIBA - SISTEMA BIBLIOTECARIO DI ATENEO$dSI B H 0615 $eSI SC 29490 5 0615 996 $aLabirinti della memoria$9970638 997 $aUNIOR